Handbook of EDP auditing (Record no. 45262)

MARC details
000 -LEADER
fixed length control field 00763nam a2200205 a 4500
008 - FIXED-LENGTH DATA ELEMENTS--GENERAL INFORMATION
fixed length control field 120416s1985 ||||||||||||||||| || u
020 ## - INTERNATIONAL STANDARD BOOK NUMBER
International Standard Book Number 0887122671
050 ## - LIBRARY OF CONGRESS CALL NUMBER
Classification number HF 5548.35 Han
100 ## - MAIN ENTRY--PERSONAL NAME
Personal name Halper, Stanley D
245 10 - TITLE STATEMENT
Title Handbook of EDP auditing
246 ## - VARYING FORM OF TITLE
Title proper/short title EDP auditing.
260 ## - PUBLICATION, DISTRIBUTION, ETC.
Place of publication, distribution, etc. Boston :
Name of publisher, distributor, etc. Warren, Gorham & Lamont
Date of publication, distribution, etc. 1985
300 ## - PHYSICAL DESCRIPTION
Extent 1 v. (various pagings) : ill.
350 ## - PRICE (NR) (BK AM CF MU VM SE) [OBSOLETE]
Price 0.00
490 ## - SERIES STATEMENT
Series statement Simonoff accounting series
500 ## - GENERAL NOTE
General note Kept up to date by cumulative supplements. -Includes bibliography.
650 ## - SUBJECT ADDED ENTRY--TOPICAL TERM
Topical term or geographic name entry element AUDITING
650 ## - SUBJECT ADDED ENTRY--TOPICAL TERM
Topical term or geographic name entry element BUSINESS--DATA PROCESSING--AUDITING
995 ## - RECOMMENDATION 995 [LOCAL, UNIMARC FRANCE]
-- 0.00
-- CBU-MAIN LIBRARY (Kitwe)
-- 1
-- 45.00
-- 1
-- AVAILABLE
-- Main Library Open Access Collection
Holdings
Withdrawn status Lost status Source of classification or shelving scheme Damaged status Not for loan Home library Current library Shelving location Date acquired Total Checkouts Full call number Barcode Date last seen Price effective from Koha item type
          CBU-MAIN LIBRARY, KITWE. CBU-MAIN LIBRARY, KITWE.   11/30/2022   HF 5548.35 Han 021435 11/30/2022 11/30/2022 MONOGRAPH